|
|
|
|
| LEADER |
00000cam a2200000 a 4500 |
| 001 |
vtls008360681 |
| 003 |
SK-MaSNL |
| 005 |
20260425232323.0 |
| 008 |
230403s1959 xo oda grf 000 0 slo |
| 015 |
|
|
|a SNBA1960/11-01758
|
| 020 |
|
|
|q (brožované)
|
| 035 |
|
|
|a SK01SNK19600052898
|
| 035 |
|
|
|a urn:nbn:sk:snk-am3ijza
|
| 035 |
|
|
|a 2684D5A3-E74D-4D67-8025-DD5761542176
|
| 035 |
|
|
|a urn:nbn:sk:snk-am00empj
|
| 035 |
|
|
|a SKM000055361
|
| 040 |
|
|
|a SNK
|b slo
|c SNK
|e AACR2
|
| 041 |
0 |
|
|a slo
|
| 043 |
|
|
|a e-xo---
|
| 044 |
|
|
|a xo
|c SK
|
| 080 |
|
|
|a 614.2
|2 2011
|
| 080 |
|
|
|a (437.611)
|2 2011
|
| 080 |
|
|
|a 614.2:725.1
|2 2011
|
| 080 |
|
|
|a (035)
|2 2011
|
| 245 |
0 |
0 |
|a Pre zdravie Bratislavčanov
|
| 260 |
|
|
|a V Bratislave
|b Zdravotnícky odbor rady ÚNV
|c 1959
|e Bratislava
|f Západoslovenské tlačiarne
|
| 300 |
|
|
|a 94 strán
|b fotografie, grafy, ilustrácie
|c 21 cm
|
| 504 |
|
|
|a Obsahuje čas a miesto ordinácie obvodných odborných a závodných lekárov v obvodoch 1-5 ; zoznam ulíc v Bratislave
|
| 650 |
0 |
7 |
|a zdravotníctvo
|2 SNKPH
|9 1269
|
| 650 |
0 |
7 |
|a zdravotnícke zariadenia
|2 SNKPH
|9 3009
|
| 651 |
|
7 |
|a Bratislava (Slovensko)
|2 SNKPHgeo
|9 14568
|
| 655 |
|
7 |
|a príručky
|2 SNKPH
|9 74364
|
| 752 |
|
|
|a Slovensko
|d Bratislava
|
| 852 |
|
|
|a Slovenská národná knižnica
|
| 954 |
|
|
|a odborná, vedecká literatúra pôvodná (slovenská)
|2 lita
|
| 958 |
|
|
|a TL
|
| 958 |
|
|
|a RK
|
| 958 |
|
|
|a MI
|
| 958 |
|
|
|a OND
|
| 958 |
|
|
|a EUIPO
|
| 999 |
|
|
|c 735948
|d 737878
|
| 952 |
|
|
|a SNK
|b SNK
|y PREZ
|7 0
|p 17A0846349
|o snkSC 14623
|i snkKSP 3504/60
|0 0
|1 0
|4 0
|d 2020-04-21
|f 1
|l 0
|r 2025-07-16 00:00:00
|w 2026-02-23
|
| 952 |
|
|
|a SNK
|b SNK
|y VYP
|7 0
|o snkSC 14623 D1
|0 0
|1 0
|4 0
|d 2020-04-21
|l 0
|r 2026-02-23 22:44:05
|w 2026-02-23
|